00811nam a2200241 4500003000900000005001700009008004100026040004300067041000800110082001900118100002900137245007300166264003700239300002500276336002400301337002800325338004300353546004100396650003600437650002900473651001000502856005700512EG-GICUC20260510114140.0260510s1989 ua ||||fr|||| 00| 0 eng d aEG-GiCUCbengcEG-GiCUCdEG-GiCUCeRda aeng04221a341bMO. L1 aMohamed ElrazazeAuthor.10aLessons On Legal Terminology /cMohamed Elrazaz.nTome Dix-huitiè€m aCairo:bCairo University,c1989. a151 page ; c 24 cm. 2rda contenua texte 2rda mediasaOrdinateur 2 transporteur rdaa Ressource en ligne a Parallel text in Arabic and English1 aPublic international law2qrmak1 aLessons On Legal 2qrmak1 2qrmak40uhttps://fll.law.cu.edu.eg/fulltext/bks/B11-05497.pdf